000 00714cam a22002533a 4500
001 1153
003 PGUSA
005 20140828082957.0
008 980101s1998||||xxu|||||s|||||000 1 eng d
040 _aPGUSA
_beng
042 _adc
050 4 _aPS
100 1 _aBurroughs, Edgar Rice,
_d1875-1950
245 1 4 _aThe Chessmen of Mars
_h[electronic resource] /
_cEdgar Rice Burroughs
260 _bProject Gutenberg,
_c1998
500 _aBarsoom series, volume 5
506 _aPublic domain in the USA.
516 _aElectronic text
653 _aScience fiction
653 _aMars (Planet) -- Fiction
830 0 _aProject Gutenberg
_v1153
856 4 0 _uhttp://www.gutenberg.org/ebooks/1153
942 _cEB
999 _c230501
_d230501